000 01059cam a22002775a 4500
001 L157989
008 130926s2013 xxk f 000 0 eng d
020 _a9781783210213
035 _a(Sirsi) u157989
041 0 _aeng
110 2 _aRoyal Institution of Chartered Surveyors
_94900
245 0 0 _aDeveloping a construction procurement strategy and selecting an appropriate route
_h[electronic resource]
260 _aLondon:RICS
_c2013
350 _a30.00
490 _aRICS Guidance Note
490 0 _aRICS Black Book
520 _aThe guidance note discusses construction procurement routes and the development of a procurement strategy and offers an explanation of procurement strategy and routes.
521 _aAdvanced
590 _aKA
650 0 _aBLACK BOOK
650 2 4 _aRICS QS AND CONSTRUCTION STANDARDS
650 2 4 _aCONSTRUCTION PROCUREMENT
651 4 _aENGLAND AND WALES
856 4 8 _uhttps://www.rics.org/uk/products/knowledge-and-information-services/
_zitem under review please email [email protected]
942 _n0
_2ddc
999 _c115059
_d115059